Normal view MARC view

Entry Personal Name

Number of records used in: 1

001 - CONTROL NUMBER

  • control field: 1239906

003 - CONTROL NUMBER IDENTIFIER

  • control field: OSt

005 - DATE AND TIME OF LATEST TRANSACTION

  • control field: 20260514122653.0

008 - FIXED-LENGTH DATA ELEMENTS

  • fixed length control field: 260514|| aca||aabn | a|a d

040 ## - CATALOGING SOURCE

  • Original cataloging agency: OSt
  • Transcribing agency: OSt

100 ## - HEADING--PERSONAL NAME

  • Personal name: Dr.Pooja Dewan

670 ## - SOURCE DATA FOUND

  • Source citation: Work cat.: (OSt)1851604: Yadav Dr.Ravinder 1239904, Need for Hepatitis B Booster Vaccination in Multi-Transfused Beta -Thalassemia Major Children: A Prospective Observational Study.
Copyright @ Delhi University Library System